La computadora nueva de Winnie
Salvato in:
| Autore principale: | |
|---|---|
| Natura: | Libro |
| Lingua: | spagnolo |
| Pubblicazione: |
Barcelona
Océano
2006
|
| Edizione: | 1a. ed |
| Soggetti: | |
| Tags: |
Aggiungi Tag
Nessun Tag, puoi essere il primo ad aggiungerne!!
|
MARC
| LEADER | 00000nam a2200000 a 4500 | ||
|---|---|---|---|
| 001 | UCG4918 | ||
| 003 | CL-VaPUC | ||
| 005 | 20250407154014.0 | ||
| 008 | 101216e20060000SP |||||||||||||||||spa|d | ||
| 999 | |c 343518 |d 343516 | ||
| 020 | |a 8449431107 | ||
| 040 | |c Pontificia Universidad Católica de Valparaíso | ||
| 082 | 0 | 4 | |a 808.0683 |b THO |2 21 |
| 100 | 0 | |a Thomas, Valerie |e author |9 554414 | |
| 245 | 1 | 3 | |a La computadora nueva de Winnie |
| 250 | |a 1a. ed | ||
| 260 | |a Barcelona |b Océano |c 2006 | ||
| 300 | |a 24 p | ||
| 500 | |a Ilustrado por: Korky Paul | ||
| 583 | |a last modification |c 20101216 00:00:00 |k Rodrigo Vera | ||
| 650 | 0 | |a Literatura infantil |9 307465 |x Cuentos | |
| 942 | |c BK |2 ddc | ||
| 945 | |d 20101216 00:00:00 |a cmena | ||
| 952 | |0 0 |1 0 |4 0 |6 808_068300000000000_THO_2006 |7 0 |8 A |9 440858 |a BIBEDU |b BIBEDU |d 2019-11-22 |i 4743474 |l 2 |m 2 |o 808.0683 THO 2006 |p 4743474 |r 2023-04-10 |s 2023-03-21 |w 2019-11-22 |y BK |k EPE | ||